[Event "Tradewise Gibraltar Chess Festival 2013"]
[Site "Gibraltar ENG"]
[Date "2013.01.26"]
[Round "5.52"]
[White "Arakhamia-Grant, Ketevan"]
[Black "Meyer, Kai-Christian"]
[Result "1-0"]
[WhiteElo "2405"]
[BlackElo "2177"]
[PlyCount "93"]
[EventDate "2013.01.22"]
[EventType "swiss"]
[EventRounds "10"]
[EventCountry "ENG"]
[Source "lmi"]
[SourceDate "2013.01.22"]

1. e4 c6 2. d4 d5 3. e5 Bf5 4. Be3 e6 5. Nd2 Nd7 6. Ngf3 Ne7 7. Be2 Bg6 8. Nh4
c5 9. c3 cxd4 10. cxd4 Nc6 11. Nxg6 hxg6 12. a3 Nb6 13. b4 Rc8 14. Rc1 Be7 15.
O-O Qd7 16. Nf3 a5 17. b5 Na7 18. a4 Bb4 19. Qb3 Rxc1 20. Rxc1 O-O 21. Bd2 Bxd2
22. Nxd2 Rc8 23. Rc5 Qd8 24. Nf3 Nd7 25. Rc3 Rxc3 26. Qxc3 b6 27. h4 Qc8 28.
Qd2 Qc7 29. Ng5 Nf8 30. Bd3 Nc8 31. g4 Nh7 32. Nxh7 Kxh7 33. h5 Ne7 34. Qg5 Kg8
35. hxg6 Nxg6 36. Bxg6 fxg6 37. Qxg6 Qc8 38. Kg2 Kf8 39. Qg5 Kf7 40. Qh5+ Ke7
41. Qh7 Qf8 42. Kg3 Kf7 43. g5 Ke7 44. Qc2 Qd8 45. g6 Kf8 46. f4 Qd7 47. Qh2
1-0

[Event "Tradewise Gibraltar Chess Festival 2013"]
[Site "Gibraltar ENG"]
[Date "2013.01.26"]
[Round "5.53"]
[White "Karavade, Eesha"]
[Black "Smith, Andrew Philip"]
[Result "1-0"]
[WhiteElo "2391"]
[BlackElo "2175"]
[PlyCount "59"]
[EventDate "2013.01.22"]
[EventType "swiss"]
[EventRounds "10"]
[EventCountry "ENG"]
[Source "lmi"]
[SourceDate "2013.01.22"]

1. d4 Nf6 2. c4 d6 3. Nf3 Nbd7 4. Nc3 e5 5. g3 Be7 6. Bg2 O-O 7. O-O c6 8. e4
a5 9. h3 Ne8 10. Be3 Nc7 11. Qc2 Ne6 12. Rad1 exd4 13. Nxd4 Nxd4 14. Bxd4 Bf6
15. Be3 Qc7 16. f4 Rd8 17. Ne2 a4 18. g4 a3 19. b3 h6 20. Ng3 Nf8 21. Nh5 Bb2
22. Qf2 c5 23. e5 Ne6 24. f5 Nd4 25. Nxg7 dxe5 26. f6 Ra6 27. Bxh6 Rdd6 28. Ne8
Qd8 29. Nxd6 Rxd6 30. Qh4 1-0

[Event "Tradewise Gibraltar Chess Festival 2013"]
[Site "Gibraltar ENG"]
[Date "2013.01.26"]
[Round "5.54"]
[White "Jaunooby, Ali R"]
[Black "Vojinovic, Jovana"]
[Result "1-0"]
[WhiteElo "2178"]
[BlackElo "2359"]
[PlyCount "187"]
[EventDate "2013.01.22"]
[EventType "swiss"]
[EventRounds "10"]
[EventCountry "ENG"]
[Source "lmi"]
[SourceDate "2013.01.22"]

1. d4 e6 2. c4 Bb4+ 3. Bd2 a5 4. Nc3 Nf6 5. f3 d5 6. c5 b6 7. a3 Bxc3 8. Bxc3
Ba6 9. b4 O-O 10. Qb1 bxc5 11. bxc5 Nc6 12. Ra2 Qe7 13. e3 Rfb8 14. Rb2 Bxf1
15. Kxf1 Rxb2 16. Qxb2 Rb8 17. Qa1 e5 18. Kf2 e4 19. Ne2 Qd7 20. Rb1 Re8 21.
Ng3 exf3 22. gxf3 Qh3 23. Rh1 h5 24. Qf1 Qe6 25. Qd3 h4 26. Ne2 Nh5 27. Rg1 g6
28. Rg4 Qe7 29. Bd2 Nf6 30. Rg1 Nh5 31. Rxg6+ fxg6 32. Qxg6+ Ng7 33. Qxc6 Qf7
34. Nf4 Nh5 35. Nxd5 h3 36. Bxa5 Rd8 37. Nc3 Rb8 38. Bb4 Nf6 39. Ke2 Re8 40.
Ba5 Qg6 41. Nd1 Qc2+ 42. Bd2 Qc4+ 43. Ke1 Qf7 44. Nf2 Re6 45. Qb7 Nd5 46. Ne4
Qd7 47. Qa8+ Kg7 48. Kf2 Re8 49. Qb7 Rf8 50. Ng5 Kg6 51. Kg3 Nf6 52. Nxh3 Nd5
53. Qb1+ Kh5 54. Nf2 Qg7+ 55. Ng4 Rxf3+ 56. Kxf3 Qxg4+ 57. Kf2 Qh4+ 58. Kf1
Qh3+ 59. Ke1 Nf6 60. Qb8 Qh4+ 61. Kd1 Qg4+ 62. Kc1 Qg1+ 63. Kc2 Qg6+ 64. Kb2
Qg2 65. Kc3 Kg6 66. Bc1 Nd5+ 67. Kc4 Nf6 68. Qb1+ Kg7 69. Qb2 Qf1+ 70. Kb3 Ne4
71. Qc2 Nf2 72. Bb2 Nd1 73. d5+ Kf8 74. Bd4 Nf2 75. e4 Nd3 76. Kc3 Nf4 77. Qf2
Qc1+ 78. Kb3 Qb1+ 79. Bb2 Qxe4 80. Bc1 Qb1+ 81. Bb2 Qd3+ 82. Kb4 Qf5 83. Ka5
Ke8 84. Bc1 Qxd5 85. Bxf4 Qa8+ 86. Kb4 Qe4+ 87. Kc3 Qh7 88. Qe3+ Kf8 89. Bh6+
Kf7 90. Qf4+ Ke6 91. Qg4+ Kd5 92. Be3 Kc6 93. Qa4+ Kb7 94. c6+ 1-0

[Event "Tradewise Gibraltar Chess Festival 2013"]
[Site "Gibraltar ENG"]
[Date "2013.01.26"]
[Round "5.55"]
[White "Sanchez Ibern, Marc"]
[Black "Baert, Andy"]
[Result "1-0"]
[WhiteElo "2356"]
[BlackElo "2154"]
[PlyCount "81"]
[EventDate "2013.01.22"]
[EventType "swiss"]
[EventRounds "10"]
[EventCountry "ENG"]
[Source "lmi"]
[SourceDate "2013.01.22"]

1. e4 e5 2. Nf3 Nc6 3. d4 exd4 4. Nxd4 Nf6 5. Nxc6 bxc6 6. e5 Qe7 7. Qe2 Nd5 8.
c4 Nb6 9. Nc3 Qe6 10. Qe4 Bb4 11. Bd2 Ba6 12. b3 Bxc3 13. Bxc3 d5 14. cxd5 cxd5
15. Qb4 Bxf1 16. Rxf1 Rc8 17. O-O-O a6 18. Qc5 Qe7 19. Bb4 Qxc5+ 20. Bxc5 Kd7
21. f4 f5 22. g4 Ke6 23. Kb2 Rhd8 24. Rd3 Nd7 25. gxf5+ Kxf5 26. Be7 Re8 27.
Ba3 Nb6 28. Rg3 g6 29. Rg5+ Ke4 30. Bc5 d4 31. h4 Nd7 32. Bxd4 Kxd4 33. Rd1+
Ke4 34. Rxd7 Kxf4 35. Rf7+ Ke4 36. Rxh7 Rxe5 37. Rxg6 a5 38. Rc6 Kd5 39. Rcxc7
Re2+ 40. Ka3 Rg8 41. Rhd7+ 1-0

[Event "Tradewise Gibraltar Chess Festival 2013"]
[Site "Gibraltar ENG"]
[Date "2013.01.26"]
[Round "5.56"]
[White "Seyfried, Claus"]
[Black "Wemmers, Xander"]
[Result "1/2-1/2"]
[WhiteElo "2177"]
[BlackElo "2349"]
[PlyCount "112"]
[EventDate "2013.01.22"]
[EventType "swiss"]
[EventRounds "10"]
[EventCountry "ENG"]
[Source "lmi"]
[SourceDate "2013.01.22"]

1. e4 e5 2. Nf3 Nc6 3. d4 exd4 4. Nxd4 Nf6 5. Nc3 Bb4 6. Nxc6 bxc6 7. Bd3 d5 8.
exd5 cxd5 9. O-O O-O 10. h3 Be6 11. Qf3 Bd6 12. Nb5 Be7 13. Nd4 Bc5 14. Nf5 Ne4
15. Bxe4 dxe4 16. Qxe4 Qf6 17. Ng3 Rae8 18. Qc6 Bb6 19. a4 a5 20. Ra3 Qe5 21.
Rd3 Rd8 22. Qc3 Bd4 23. Qd2 Bc4 24. Re1 Qc5 25. Ne4 Qb6 26. Rg3 Be5 27. Qg5
Bxg3 28. Nxg3 Qg6 29. Qxa5 Qxc2 30. Bf4 c6 31. Nf5 Bd5 32. Ne7+ Kh8 33. Be5 f6
34. Bc3 Ra8 35. Qc7 Rxa4 36. Qd6 Raa8 37. Nxd5 cxd5 38. Qxd5 Rfe8 39. Rxe8+
Rxe8 40. g3 h6 41. Kg2 Kh7 42. Bxf6 Rf8 43. Bd4 Qd3 44. h4 Rf5 45. Qd7 Qf3+ 46.
Kh2 Rf7 47. Qe6 Rc7 48. Qe3 Qb7 49. Bc3 Rd7 50. f3 Re7 51. Qd3+ Kg8 52. Kg2 Qc6
53. Qd8+ Re8 54. Qd3 Re6 55. Qd8+ Re8 56. Qd3 Re6 1/2-1/2

[Event "Tradewise Gibraltar Chess Festival 2013"]
[Site "Gibraltar ENG"]
[Date "2013.01.26"]
[Round "5.58"]
[White "Kantorik, Marian"]
[Black "Walton, Alan J"]
[Result "1-0"]
[WhiteElo "2331"]
[BlackElo "2153"]
[PlyCount "23"]
[EventDate "2013.01.22"]
[EventType "swiss"]
[EventRounds "10"]
[EventCountry "ENG"]
[Source "lmi"]
[SourceDate "2013.01.22"]

1. d4 e6 2. c4 d5 3. Nc3 c6 4. e4 dxe4 5. Nxe4 Bb4+ 6. Bd2 Qxd4 7. Bxb4 Qxe4+
8. Be2 Na6 9. Bf8 Ne7 10. Bxg7 Rg8 11. Bf6 Qxg2 12. Qd6 1-0

[Event "Tradewise Gibraltar Chess Festival 2013"]
[Site "Gibraltar ENG"]
[Date "2013.01.26"]
[Round "5.60"]
[White "Allor, Chukwuka"]
[Black "Piasetski, Leon"]
[Result "1/2-1/2"]
[WhiteElo "2154"]
[BlackElo "2310"]
[PlyCount "61"]
[EventDate "2013.01.22"]
[EventType "swiss"]
[EventRounds "10"]
[EventCountry "ENG"]
[Source "lmi"]
[SourceDate "2013.01.22"]

1. Nf3 Nf6 2. g3 g6 3. Bg2 Bg7 4. c4 O-O 5. Nc3 d6 6. O-O e5 7. d3 Nbd7 8. Rb1
Ng4 9. b4 f5 10. Bg5 Ngf6 11. Qc1 a6 12. e4 fxe4 13. dxe4 Rf7 14. h3 Nf8 15.
Be3 Ne6 16. Ng5 Nxg5 17. Bxg5 Qf8 18. Nd5 Nxd5 19. cxd5 Bd7 20. Qd2 h6 21. Be3
g5 22. Rfc1 c6 23. Bb6 Bf6 24. Rd1 Bd8 25. Be3 Rf6 26. Bf1 Kg7 27. Kg2 cxd5 28.
exd5 Qe8 29. Bd3 Qh5 30. g4 Qf7 31. Be4 1/2-1/2

[Event "Tradewise Gibraltar Chess Festival 2013"]
[Site "Gibraltar ENG"]
[Date "2013.01.26"]
[Round "5.61"]
[White "Burrows, Martin P"]
[Black "Forsaa, Espen"]
[Result "0-1"]
[WhiteElo "2153"]
[BlackElo "2305"]
[PlyCount "68"]
[EventDate "2013.01.22"]
[EventType "swiss"]
[EventRounds "10"]
[EventCountry "ENG"]
[Source "lmi"]
[SourceDate "2013.01.22"]

1. e4 c5 2. Nf3 d6 3. d4 cxd4 4. Nxd4 Nf6 5. Nc3 a6 6. Bc4 e6 7. O-O b5 8. Bb3
Be7 9. f4 Bb7 10. Be3 b4 11. e5 bxc3 12. exf6 Bxf6 13. Ba4+ Nd7 14. f5 e5 15.
Ne6 fxe6 16. fxe6 O-O 17. exd7 Qc7 18. Qg4 cxb2 19. Rad1 e4 20. Qe6+ Kh8 21.
Qb3 d5 22. Bb6 Qd6 23. d8=Q Bxd8 24. Rxf8+ Qxf8 25. Bd4 Qe7 26. Qxb2 Bc7 27.
Rb1 Bc8 28. Bc6 Rb8 29. Qxb8 Bxb8 30. Rxb8 Qc7 31. Rb6 Qf4 32. Rb1 Qd2 33. c3
e3 34. Rf1 Bf5 0-1

[Event "Tradewise Gibraltar Chess Festival 2013"]
[Site "Gibraltar ENG"]
[Date "2013.01.26"]
[Round "5.62"]
[White "Tate, Alan"]
[Black "Weber, Francois"]
[Result "1/2-1/2"]
[WhiteElo "2290"]
[BlackElo "2150"]
[PlyCount "60"]
[EventDate "2013.01.22"]
[EventType "swiss"]
[EventRounds "10"]
[EventCountry "ENG"]
[Source "lmi"]
[SourceDate "2013.01.22"]

1. e4 e5 2. Nf3 Nc6 3. Bc4 Bc5 4. c3 Nf6 5. d3 O-O 6. Bg5 Be7 7. Nbd2 d6 8. Bb3
Nh5 9. Be3 Kh8 10. h3 Nf4 11. Bxf4 exf4 12. d4 f5 13. e5 g5 14. Qe2 d5 15.
O-O-O Be6 16. h4 g4 17. Ne1 Bxh4 18. Nd3 Bg5 19. Nc5 Bc8 20. Ba4 Ne7 21. e6 c6
22. Rh5 h6 23. Rdh1 Kg7 24. Qe5+ Rf6 25. Rxg5+ hxg5 26. Rh7+ Kxh7 27. Qxf6 b6
28. Qf7+ Kh6 29. Qf6+ Kh7 30. Qf7+ Kh6 1/2-1/2

[Event "Tradewise Gibraltar Chess Festival 2013"]
[Site "Gibraltar ENG"]
[Date "2013.01.26"]
[Round "5.63"]
[White "Janev, Pavel"]
[Black "Bergstrom, Rolf"]
[Result "1-0"]
[WhiteElo "2126"]
[BlackElo "2286"]
[PlyCount "69"]
[EventDate "2013.01.22"]
[EventType "swiss"]
[EventRounds "10"]
[EventCountry "ENG"]
[Source "lmi"]
[SourceDate "2013.01.22"]

1. e4 b6 2. d4 Bb7 3. Bd3 Nf6 4. Qe2 Nc6 5. c3 e5 6. Nf3 d6 7. d5 Ne7 8. Bg5
Nd7 9. Ba6 Bxa6 10. Qxa6 h6 11. Be3 g6 12. c4 f5 13. Nc3 f4 14. Bd2 Nc5 15. Qa3
a5 16. Rg1 g5 17. O-O-O Ng6 18. Ne1 g4 19. Nb5 Rh7 20. f3 h5 21. Nd3 Nxd3+ 22.
Qxd3 Be7 23. g3 Bg5 24. Kb1 fxg3 25. hxg3 Bxd2 26. Rxd2 gxf3 27. Qxf3 Qg5 28.
Rf2 Kd7 29. Qd3 Ne7 30. Nc3 Rg8 31. c5 bxc5 32. Qb5+ Kd8 33. Rgf1 Rhh8 34. Qxa5
Nc8 35. Rf7 1-0

[Event "Tradewise Gibraltar Chess Festival 2013"]
[Site "Gibraltar ENG"]
[Date "2013.01.26"]
[Round "5.64"]
[White "Palencia, Wilson"]
[Black "Wiedersich, Jens"]
[Result "1-0"]
[WhiteElo "2282"]
[BlackElo "2120"]
[PlyCount "91"]
[EventDate "2013.01.22"]
[EventType "swiss"]
[EventRounds "10"]
[EventCountry "ENG"]
[Source "lmi"]
[SourceDate "2013.01.22"]

1. e4 c5 2. Nf3 d6 3. d4 cxd4 4. Nxd4 Nc6 5. Nc3 g6 6. Be3 Bg7 7. Qd2 Nf6 8. f3
O-O 9. Bc4 a6 10. O-O-O Nxd4 11. Bxd4 Be6 12. Bxe6 fxe6 13. e5 dxe5 14. Bxe5
Qxd2+ 15. Kxd2 Ne4+ 16. Nxe4 Bxe5 17. c3 Rac8 18. Kc2 Rc7 19. h3 h6 20. Rd3 Kf7
21. Rhd1 Rfc8 22. Rd8 Rxd8 23. Rxd8 g5 24. b4 Kg6 25. a4 h5 26. Rg8+ Bg7 27.
Nc5 Rc6 28. a5 b6 29. axb6 Rxb6 30. Ra8 Kf5 31. Rxa6 Rxa6 32. Nxa6 Kf4 33. c4
Kg3 34. c5 Kxg2 35. c6 Be5 36. c7 Bxc7 37. Nxc7 Kxf3 38. Nxe6 g4 39. hxg4 hxg4
40. Kd3 g3 41. b5 g2 42. Nd4+ Kf4 43. Ne2+ Ke5 44. Ke3 Kd5 45. Kf2 Kc5 46. Nc3
1-0

[Event "Tradewise Gibraltar Chess Festival 2013"]
[Site "Gibraltar ENG"]
[Date "2013.01.26"]
[Round "5.66"]
[White "Tari, Aryan"]
[Black "Kozarcanin, Sead"]
[Result "1/2-1/2"]
[WhiteElo "2268"]
[BlackElo "2090"]
[PlyCount "108"]
[EventDate "2013.01.22"]
[EventType "swiss"]
[EventRounds "10"]
[EventCountry "ENG"]
[Source "lmi"]
[SourceDate "2013.01.22"]

1. e4 e5 2. Nf3 Nc6 3. Bc4 Bc5 4. O-O Nf6 5. d4 Bxd4 6. Nxd4 Nxd4 7. f4 d6 8.
fxe5 dxe5 9. Bg5 Qe7 10. Kh1 Be6 11. Bxe6 Nxe6 12. Bxf6 gxf6 13. Nc3 c6 14. Qd2
Nd4 15. Qf2 O-O-O 16. Nd1 Kb8 17. c3 Nb5 18. Qxf6 Qxf6 19. Rxf6 Rd2 20. Rxf7
Nd6 21. Rf2 Nxe4 22. Rxd2 Nxd2 23. Ne3 Kc7 24. Rd1 Ne4 25. Kg1 Re8 26. Re1 Nd6
27. Ng4 e4 28. Kf2 h5 29. Ne3 Kd7 30. Ke2 Ke6 31. Rf1 Ke5 32. g3 Rg8 33. Rf4 b5
34. Ng2 Nf5 35. Ne3 Nd6 36. b3 a5 37. Rf1 Ra8 38. Rc1 a4 39. b4 Rh8 40. c4 h4
41. g4 Nxc4 42. Nxc4+ bxc4 43. Rxc4 Kf4 44. Rxc6 Kxg4 45. Ke3 Kh3 46. b5 Kxh2
47. Rg6 Rh5 48. b6 Rb5 49. Kxe4 Rb2 50. Rc6 h3 51. Kd3 Kg3 52. Kc3 Rb1 53. Rg6+
Kf3 54. Rh6 Kg2 1/2-1/2

[Event "Tradewise Gibraltar Chess Festival 2013"]
[Site "Gibraltar ENG"]
[Date "2013.01.26"]
[Round "5.67"]
[White "Adrian, Claude"]
[Black "Mueller, Hans-Dieter"]
[Result "1/2-1/2"]
[WhiteElo "2260"]
[BlackElo "2087"]
[PlyCount "111"]
[EventDate "2013.01.22"]
[EventType "swiss"]
[EventRounds "10"]
[EventCountry "ENG"]
[Source "lmi"]
[SourceDate "2013.01.22"]

1. Nf3 f5 2. d4 e6 3. g3 Nf6 4. Bg2 Be7 5. c4 d6 6. O-O a5 7. Nc3 O-O 8. b3 Ne4
9. Bb2 Nxc3 10. Bxc3 Qe8 11. Qe1 a4 12. e4 f4 13. e5 Qh5 14. Qe4 fxg3 15. fxg3
axb3 16. axb3 Rxa1 17. Rxa1 Nd7 18. exd6 Nf6 19. Qe5 cxd6 20. Qxh5 Nxh5 21. Bb4
Re8 22. Bh3 g6 23. Ra7 Ng7 24. Kf2 Nf5 25. g4 Ng7 26. Bg2 e5 27. dxe5 Bd8 28.
Kg3 dxe5 29. Nd2 Bb6 30. Bd5+ Kh8 31. Ra8 Be3 32. Ne4 Bf4+ 33. Kg2 Bxg4 34.
Rxe8+ Nxe8 35. Bxb7 Bd1 36. Bc6 Bxb3 37. Bxe8 Bxc4 38. Bc6 Kg7 39. Bd2 g5 40.
Bxf4 gxf4 41. Kf3 Bf7 42. Nf2 Bh5+ 43. Ke4 Kf6 44. Bd7 Bg6+ 45. Kf3 Bh5+ 46.
Bg4 Bg6 47. h3 h5 48. Bd7 Kg5 49. Bc6 Kh4 50. Bd7 Kg5 51. Bc8 Kh4 52. Nd1 Kg5
53. Nc3 e4+ 54. Nxe4+ Bxe4+ 55. Kxe4 f3 56. Kxf3 1/2-1/2

[Event "Tradewise Gibraltar Chess Festival 2013"]
[Site "Gibraltar ENG"]
[Date "2013.01.26"]
[Round "5.69"]
[White "Olhovik, Andrei"]
[Black "Fairbairn, Stephen"]
[Result "1/2-1/2"]
[WhiteElo "2246"]
[BlackElo "2021"]
[PlyCount "92"]
[EventDate "2013.01.22"]
[EventType "swiss"]
[EventRounds "10"]
[EventCountry "ENG"]
[Source "lmi"]
[SourceDate "2013.01.22"]

1. d4 Nf6 2. Nf3 d6 3. c4 g6 4. g3 Bg7 5. Bg2 O-O 6. O-O c5 7. Nc3 cxd4 8. Nxd4
a6 9. b3 Qc7 10. Bb2 Nc6 11. e3 Bd7 12. Rc1 Qa5 13. Qd2 Rac8 14. Rfd1 Qh5 15.
Qe2 Qxe2 16. Ndxe2 Rb8 17. c5 dxc5 18. Na4 Rfd8 19. Nxc5 Bg4 20. f3 Bf5 21. e4
Nxe4 22. fxe4 Bxb2 23. exf5 Bxc1 24. Rxc1 Rd2 25. Nc3 Nb4 26. f6 exf6 27. N3e4
Rxa2 28. Nd7 Rd8 29. Nexf6+ Kg7 30. Bxb7 a5 31. Rc3 Rc2 32. Rxc2 Nxc2 33. Kf2
Nd4 34. Bd5 Rc8 35. g4 h6 36. h4 Rc3 37. Ne8+ Kg8 38. Nd6 Nxb3 39. Bxf7+ Kg7
40. Bd5 a4 41. Ne8+ Kh8 42. Ne5 a3 43. Nxg6+ Kh7 44. Nf8+ Kh8 45. Ng6+ Kh7 46.
Nf8+ Kh8 1/2-1/2

[Event "Tradewise Gibraltar Chess Festival 2013"]
[Site "Gibraltar ENG"]
[Date "2013.01.26"]
[Round "5.70"]
[White "Storey, Charles H"]
[Black "Ungureanu, Sandu"]
[Result "1/2-1/2"]
[WhiteElo "2245"]
[BlackElo "2019"]
[PlyCount "148"]
[EventDate "2013.01.22"]
[EventType "swiss"]
[EventRounds "10"]
[EventCountry "ENG"]
[Source "lmi"]
[SourceDate "2013.01.22"]

1. g3 c5 2. c4 Nf6 3. Bg2 d5 4. cxd5 Nxd5 5. Nc3 Nc7 6. d3 Nc6 7. b3 e5 8.
Bxc6+ bxc6 9. Nf3 f6 10. O-O Be7 11. Be3 Nd5 12. Rc1 Bh3 13. Re1 Nxe3 14. fxe3
c4 15. bxc4 g5 16. Qa4 Qd7 17. Ne4 h5 18. Nf2 h4 19. g4 Bxg4 20. d4 c5 21.
Qxd7+ Bxd7 22. h3 exd4 23. exd4 cxd4 24. Nxd4 Bc5 25. e3 O-O-O 26. Kg2 f5 27.
Nd3 Bc6+ 28. Nxc6 Rxd3 29. Rcd1 Ra3 30. Rd5 Bxe3 31. Ne7+ Kb8 32. Rxf5 Rxa2+
33. Kf3 Bf4 34. Rf7 Ka8 35. Rd1 Ra3+ 36. Kg4 Rg3+ 37. Kf5 Rxh3 38. Ra1 Rf3 39.
Kg4 Rg3+ 40. Kf5 Bb8 41. Kg6 Rd8 42. c5 Rd7 43. c6 Rc7 44. Rb1 a6 45. Rb6 Ra3
46. Kxg5 h3 47. Rf8 Rxe7 48. Rbxb8+ Ka7 49. Rb2 Rc7 50. Rc2 Rg3+ 51. Kf4 Rgg7
52. Ke5 a5 53. Kd6 Rh7 54. Rf5 Kb6 55. Rb2+ Ka6 56. Rbb5 Rxc6+ 57. Kxc6 Rh6+
58. Kc7 Rh7+ 59. Kc6 Rh6+ 60. Kd7 Rh7+ 61. Kd6 Rh6+ 62. Ke7 Rh7+ 63. Kd8 Rh8+
64. Kd7 Rh7+ 65. Ke6 h2 66. Rxa5+ Kb6 67. Rfb5+ Kc6 68. Rc5+ Kb6 69. Rcb5+ Kc6
70. Rc5+ Kb6 71. Rab5+ Ka6 72. Ra5+ Kb6 73. Rcb5+ Kc6 74. Rh5 h1=Q 1/2-1/2

[Event "Tradewise Gibraltar Chess Festival 2013"]
[Site "Gibraltar ENG"]
[Date "2013.01.26"]
[Round "5.71"]
[White "Nuri, Kambez"]
[Black "Spanton, Tim R"]
[Result "1/2-1/2"]
[WhiteElo "2241"]
[BlackElo "2017"]
[PlyCount "111"]
[EventDate "2013.01.22"]
[EventType "swiss"]
[EventRounds "10"]
[EventCountry "ENG"]
[Source "lmi"]
[SourceDate "2013.01.22"]

1. e4 c5 2. Nf3 g6 3. d4 cxd4 4. Nxd4 Nc6 5. c4 Bg7 6. Be3 d6 7. Nc3 Nf6 8. Be2
O-O 9. O-O Bd7 10. Qd2 Nxd4 11. Bxd4 Bc6 12. f3 a5 13. b3 Nd7 14. Be3 Nc5 15.
Rab1 Qb6 16. Kh1 Qb4 17. Rfc1 Rfd8 18. Bd1 h5 19. Qb2 Nd3 20. Qa1 Nxc1 21. Rxc1
Qa3 22. Qb1 Rdc8 23. Bd2 Qc5 24. Qd3 Qd4 25. Qe2 Kh7 26. Be3 Qf6 27. Qd2 Qe6
28. a4 Qd7 29. Be2 Qd8 30. Rc2 Rab8 31. Ba7 Bh6 32. Qd4 Ra8 33. Bb6 Qh8 34. Qf2
Bg7 35. Nd1 Ra6 36. Be3 Qd8 37. Qg1 Raa8 38. Bb6 Qf8 39. Qe1 Qe8 40. Qd2 Bh6
41. Qe1 e6 42. Nb2 d5 43. Bd3 dxe4 44. fxe4 Qe7 45. c5 Qd7 46. Re2 Bg7 47. e5
Qd5 48. Qc3 Re8 49. Nc4 Red8 50. Bxd8 Rxd8 51. Nd6 Bxe5 52. Qxe5 Qxd3 53. Re1
Qc2 54. Rg1 Bxg2+ 55. Rxg2 Qd1+ 56. Rg1 1/2-1/2

[Event "Tradewise Gibraltar Chess Festival 2013"]
[Site "Gibraltar ENG"]
[Date "2013.01.26"]
[Round "5.72"]
[White "Compton, Alistair"]
[Black "Lederman, Leon"]
[Result "1/2-1/2"]
[WhiteElo "2087"]
[BlackElo "2239"]
[PlyCount "85"]
[EventDate "2013.01.22"]
[EventType "swiss"]
[EventRounds "10"]
[EventCountry "ENG"]
[Source "lmi"]
[SourceDate "2013.01.22"]

1. e4 c5 2. c3 d6 3. d4 Nd7 4. Nf3 e5 5. Bc4 h6 6. dxe5 Nb6 7. Bb5+ Bd7 8.
Bxd7+ Qxd7 9. exd6 Bxd6 10. e5 Bc7 11. O-O O-O-O 12. Qe2 Ne7 13. Na3 Ng6 14.
Be3 Nxe5 15. Nxe5 Bxe5 16. Bxc5 Bxh2+ 17. Kxh2 Qc7+ 18. Kg1 Qxc5 19. Rad1 Kb8
20. Qf3 f5 21. Rfe1 Rxd1 22. Rxd1 g5 23. Nc2 Re8 24. Nd4 f4 25. Qh5 Qf8 26. Qg6
Nc4 27. Qc2 Qf6 28. Qa4 Rc8 29. Qb4 g4 30. b3 Nb6 31. Nb5 Rc6 32. Re1 g3 33.
fxg3 fxg3 34. Rf1 Qe5 35. Nd4 Rc5 36. Nf5 Rxc3 37. Qf8+ Nc8 38. Qxh6 a6 39. Qf4
Qxf4 40. Rxf4 Nb6 41. Rf3 Rc1+ 42. Rf1 Rc3 43. Rf3 1/2-1/2

[Event "Tradewise Gibraltar Chess Festival 2013"]
[Site "Gibraltar ENG"]
[Date "2013.01.26"]
[Round "5.73"]
[White "Dolzhikova, Olga"]
[Black "Baeza Escudero, Javier"]
[Result "1-0"]
[WhiteElo "2239"]
[BlackElo "2009"]
[PlyCount "35"]
[EventDate "2013.01.22"]
[EventType "swiss"]
[EventRounds "10"]
[EventCountry "ENG"]
[Source "lmi"]
[SourceDate "2013.01.22"]

1. e4 c5 2. c3 Nf6 3. e5 Nd5 4. d4 e6 5. Bc4 Nb6 6. Bd3 c4 7. Bc2 d6 8. Qe2 Nc6
9. exd6 Bxd6 10. Nd2 Na5 11. Ngf3 Bd7 12. Ne5 O-O 13. Nexc4 Bb5 14. Qh5 f5 15.
Nxa5 Nd5 16. Nxb7 Nf4 17. Nxd8 Nxh5 18. c4 1-0

[Event "Tradewise Gibraltar Chess Festival 2013"]
[Site "Gibraltar ENG"]
[Date "2013.01.26"]
[Round "5.74"]
[White "Ferrante, Marco"]
[Black "Obiamiwe, Paul"]
[Result "1-0"]
[WhiteElo "2227"]
[BlackElo "1973"]
[PlyCount "79"]
[EventDate "2013.01.22"]
[EventType "swiss"]
[EventRounds "10"]
[EventCountry "ENG"]
[Source "lmi"]
[SourceDate "2013.01.22"]

1. e4 e5 2. Nf3 Nc6 3. d4 exd4 4. Bc4 Nf6 5. e5 d5 6. Bb5 Ne4 7. Nxd4 Bd7 8.
Bxc6 bxc6 9. O-O Nc5 10. f4 Qh4 11. Be3 Ne4 12. Nd2 c5 13. N4f3 Qh5 14. Nxe4
dxe4 15. Qd5 Rb8 16. Qxe4 Qf5 17. Qxf5 Bxf5 18. b3 Bxc2 19. Rfc1 Be4 20. Nd2
Bd5 21. Bxc5 Be7 22. Kf2 Rb7 23. Bxe7 Kxe7 24. Nf3 Rd8 25. Rc2 g6 26. Rac1 Rd7
27. g3 Be4 28. Rd2 Rxd2+ 29. Nxd2 Bd5 30. Nc4 c6 31. Ke3 f6 32. exf6+ Kxf6 33.
Ne5 Rc7 34. Kd4 g5 35. fxg5+ Kxg5 36. Kc5 h5 37. Kd6 Rb7 38. Rc5 Rb6 39. Ra5
Rb7 40. Nxc6 1-0

[Event "Tradewise Gibraltar Chess Festival 2013"]
[Site "Gibraltar ENG"]
[Date "2013.01.26"]
[Round "5.75"]
[White "Spence, David J"]
[Black "Rujan, Rodel-Marinel"]
[Result "1-0"]
[WhiteElo "2226"]
[BlackElo "1759"]
[PlyCount "71"]
[EventDate "2013.01.22"]
[EventType "swiss"]
[EventRounds "10"]
[EventCountry "ENG"]
[Source "lmi"]
[SourceDate "2013.01.22"]

1. e4 d6 2. d4 Nf6 3. Nc3 g6 4. Bg5 Bg7 5. Qd2 h6 6. Bh4 g5 7. Bg3 Nh5 8. Nge2
e5 9. O-O-O Nc6 10. d5 Ne7 11. f3 Ng6 12. Bf2 a6 13. Be3 Nh4 14. Ng1 Qf6 15. g3
Ng6 16. Bg2 Qe7 17. Nh3 Bd7 18. Ne2 Bb5 19. Kb1 Nf6 20. Nf2 Nh5 21. Rc1 Bd7 22.
c4 f5 23. exf5 Bxf5+ 24. Ka1 Nf6 25. f4 gxf4 26. gxf4 exf4 27. Nxf4 Nxf4 28.
Bxf4 O-O-O 29. Rhe1 Qf8 30. c5 dxc5 31. Qa5 Rd7 32. Rxc5 Qf7 33. d6 Re8 34.
Rxe8+ Qxe8 35. Rxc7+ Kb8 36. Rxb7+ 1-0

[Event "Tradewise Gibraltar Chess Festival 2013"]
[Site "Gibraltar ENG"]
[Date "2013.01.26"]
[Round "5.77"]
[White "Van Kemenade, Rudy"]
[Black "Valgmae, Toomas"]
[Result "1/2-1/2"]
[WhiteElo "2043"]
[BlackElo "2218"]
[PlyCount "96"]
[EventDate "2013.01.22"]
[EventType "swiss"]
[EventRounds "10"]
[EventCountry "ENG"]
[Source "lmi"]
[SourceDate "2013.01.22"]

1. e4 e6 2. d4 d5 3. Nc3 Nf6 4. e5 Nfd7 5. f4 c5 6. dxc5 Nc6 7. a3 Bxc5 8. Qg4
O-O 9. Nf3 f5 10. Qh3 Be7 11. Bd3 Nc5 12. O-O Nxd3 13. cxd3 Qb6+ 14. Kh1 a5 15.
Rb1 Bd7 16. Bd2 a4 17. g4 Qa6 18. gxf5 Rxf5 19. d4 Raf8 20. Rbd1 Be8 21. Be3
Bh5 22. Qg2 Na5 23. Ne2 Nc4 24. Bc1 Bg6 25. Rg1 R5f7 26. Ng3 Kh8 27. h4 Rg8 28.
h5 Bf5 29. Ng5 Rff8 30. h6 g6 31. Rgf1 Bxg5 32. fxg5 Qb5 33. Nxf5 gxf5 34. Rf3
Rc8 35. Rg3 Rg6 36. Rc3 Rcg8 37. Qc2 Qe8 38. Qe2 Qf7 39. Bf4 Ra8 40. Rdc1 Rgg8
41. Rg1 Qg6 42. Rg2 Rgc8 43. Rg1 Ra6 44. Rgc1 Kg8 45. R1c2 Rb6 46. Rh3 Rcc6 47.
Kg2 Kf7 48. Kg3 Ke7 1/2-1/2